| 000 | 00957cam a2200277 a 4500 | ||
|---|---|---|---|
| 001 | 000009432 | ||
| 005 | 20200929161606.0 | ||
| 008 | 741007s1988 cu 000 f spa d | ||
| 035 | _a(DLC) 68072098 | ||
| 035 | _a(OCoLC)1033760 | ||
| 040 |
_aDO-SdBNP _cRUn _dBNPHU |
||
| 082 |
_aG863.4 _bA859e |
||
| 100 | 1 |
_aAsturias, Miguel Ángel, _d1899-1974 _95391 |
|
| 245 | 1 | 3 |
_aEl espejo de Lida Sal y otros relatos / _cMiguel Ángel Asturias ; selección y prólogo de Pedro Ángel González ; edicción de Mayra Hernández Menéndez. |
| 260 |
_aLa Habana, Cuba : _bArte y Literatura, _c1988. |
||
| 300 |
_a261 p. ; _c19 cm. |
||
| 490 | 1 | _aHuracán | |
| 650 | 4 |
_aNovela guatemalteca _95392 |
|
| 650 | 4 |
_aLiteratura guatemalteca _ySIGLO XX _924228 |
|
| 700 | 1 |
_aGonzález, Pedro Ángel, _epról. _924229 |
|
| 700 | 1 |
_aHernández Menéndez, Mayra, _eed. _93967 |
|
| 830 | 0 |
_aHuracán _95481 |
|
| 910 | _aCatalogación derivada | ||
| 910 | _aWM | ||
| 049 | _aBNGR | ||
| 999 |
_c9192 _d9192 |
||